|
|
|
|
| LEADER |
00000nam0a2200000 4500 |
| 001 |
357378 |
| 005 |
20231102011003.0 |
| 035 |
|
|
|a (RuTPU)RU\TPU\retro\14646
|
| 090 |
|
|
|a 357378
|
| 100 |
|
|
|a 20200805d1978 km y0rusy50 ca
|
| 101 |
0 |
|
|a rus
|
| 102 |
|
|
|a RU
|
| 105 |
|
|
|a a z 001zy
|
| 200 |
1 |
|
|a Геология и экономика месторождений редких элементов канадско-гренландского щита
|f Л. И. Клаповская, Г. А. Топунова, А. В. Рожанец
|g Академия наук СССР, Институт минералогии, геохимии и кристаллохимии редких элементов
|
| 210 |
|
|
|a Москва
|c Наука
|d 1978
|
| 215 |
|
|
|a 251 с.
|c ил.
|
| 320 |
|
|
|a Библиогр.: с. 226-248
|
| 606 |
1 |
|
|a Щелочные металлы, редкие
|x Месторождение
|2 stltpush
|3 (RuTPU)RU\TPU\subj\19694
|9 44872
|
| 610 |
1 |
|
|a геология
|
| 610 |
1 |
|
|a экономика
|
| 610 |
1 |
|
|a редкие элементы
|
| 610 |
1 |
|
|a месторождения
|
| 610 |
1 |
|
|a Канадский щит
|
| 610 |
1 |
|
|a Гренландская платформа
|
| 610 |
1 |
|
|a архейские образования
|
| 610 |
1 |
|
|a складчатый фундамент
|
| 610 |
1 |
|
|a протерозой
|
| 610 |
1 |
|
|a фанерозой
|
| 610 |
1 |
|
|a гранитоиды
|
| 610 |
1 |
|
|a тектоническое строение
|
| 610 |
1 |
|
|a редкометальные провинции
|
| 675 |
|
|
|a 553.493(7)
|v 4
|
| 700 |
|
1 |
|a Клаповская
|b Л. И.
|g Любовь Ивановна
|
| 701 |
|
1 |
|a Топунова
|b Г. А.
|g Галина Александровна
|
| 701 |
|
1 |
|a Рожанец
|b А. В.
|
| 712 |
0 |
2 |
|a Академия наук СССР
|b Институт минералогии, геохимии и кристаллохимии редких элементов
|c (Москва)
|2 stltpush
|3 (RuTPU)RU\TPU\col\10887
|9 24943
|
| 801 |
|
1 |
|a RU
|b 63413507
|c 20200805
|
| 801 |
|
2 |
|a RU
|b 63413507
|c 20210219
|g RCR
|
| 942 |
|
|
|c BK
|